Arxius i arxivística a les comarques gironines / per Ramon Alberch i Fugueras
Publicado:
[s.l., s.n., s.a.] :
Descripción Física:
p. 521-601 ; 24 cm
MARC
| LEADER | 00000nam a2200000Ia 4500 | ||
|---|---|---|---|
| 001 | 10799 | ||
| 008 | 160829s9999 xx 000 0 cat d | ||
| 080 | |a A-2-78 | ||
| 100 | |a Alberch i Fugueras, Ramon, |d 1951- |9 22280 | ||
| 245 | |a Arxius i arxivística a les comarques gironines / per Ramon Alberch i Fugueras | ||
| 260 | |a [s.l., s.n., s.a.] | ||
| 300 | |a p. 521-601 ; |c 24 cm | ||
| 590 | |a Separata d''Annals de l'Institut d'Estudis Gironins', Vol. XXXIV, 1994, Girona | ||
| 650 | |a Arxius |x Girona |9 31714 | ||
| 650 | |a Arxivística |x Girona |x Bibliografia |9 31715 | ||
| 901 | |a Arxiu | ||
| 942 | |n 1 | ||
| 952 | |0 0 |1 0 |4 0 |6 A278 |7 1 |9 45734 |a Arxiu |b Arxiu |d 2016-12-01 |l 0 |o A-2-78 |p 10799 |r 2016-12-01 00:00:00 |w 2016-12-01 |y ARXIU | ||
| 999 | |c 49234 |d 49234 | ||